Hamilton Song Titles in Other Songs Quiz Stats

 Plays Quiz Updated May 29, 2017

Support Sporcle.
Go Orange.
Score 0/18 Timer 05:00
1 Play Today
% Correct
Right Hand Man
96.2%
My Shot
96%
Hurricane
95.9%
Helpless
95.2%
Aaron Burr, Sir
95%
We Know
94.9%
The Schuyler Sisters
94.4%
Blow Us All Away
94.1%
Alexander Hamilton
93.6%
% Correct
Who Lives, Who Dies, Who Tells Your Story
93.3%
Wait for It
93.2%
Burn
92.9%
Satisfied
92.6%
Stay Alive
92.5%
The Room Where It Happens
89.8%
Take a Break
89.3%
That Would Be Enough
87.8%
It's Quiet Uptown
80.8%

From the Vault

Actors by Movie Group

by figertiger

Movies 6m
These movie casts must have had a fun time hanging out.
Remove Ads.
Support Sporcle.
Get the best of Sporcle when you Go Orange. This ad-free experience offers more features, more stats, and more fun while also helping to support Sporcle. Thank you for becoming a member.

Show Comments

Extras

Top Quizzes Today


Score Distribution

Your Account Isn't Verified!

In order to create a playlist on Sporcle, you need to verify the email address you used during registration. Go to your Sporcle Settings to finish the process.

Report this User

Report this user for behavior that violates our Community Guidelines.

Details: